|
|
|
|
| LEADER |
00968nam a2200253 a 4500 |
| 001 |
13961110 |
| 008 |
090621s2005 enkab b 001 0 eng d |
| 010 |
|
|
|a 2005048453
|
| 020 |
|
|
|a 0273694944 (alk. paper)
|
| 020 |
|
|
|a 978273694946
|
| 040 |
|
|
|a DLC
|c DLC
|d YDX
|d UKM
|d BAKER
|d NLGGC
|d DLC
|
| 082 |
0 |
0 |
|a 658.8/3
|2 22
|
| 100 |
1 |
|
|a Proctor, Tony
|
| 245 |
1 |
0 |
|a Essentials of marketing research /
|c Tony Proctor.
|
| 250 |
|
|
|a 4th ed.
|
| 260 |
|
|
|a Harlow, England ;
|a New York :
|b Financial Times/Prentice Hall,
|c 2005.
|
| 300 |
|
|
|a xxiii, 591 p. :
|b ill., maps ;
|c 25 cm.
|
| 500 |
|
|
|a Previous ed.: 2002.
|
| 504 |
|
|
|a Includes bibliographical references (p. [559]-576) and index.
|
| 541 |
1 |
|
|e 00015939
|
| 650 |
|
0 |
|a Marketing research.
|
| 852 |
4 |
|
|a Ayesha Abed Library
|j General Shelf.
|
| 999 |
|
|
|c 1795
|d 1795
|
| 952 |
|
|
|0 0
|1 0
|2 ddc
|4 0
|6 658_830000000000000_PRO_2005
|7 0
|9 1644
|a BRACUL
|b BRACUL
|c GEN
|d 2009-06-29
|l 3
|m 2
|o 658.83 PRO
|p 3010015939
|r 2026-03-02
|s 2026-02-23
|t 1
|w 2009-06-29
|y BK
|